000 00277nam a2200109Ia 4500
008 180205s9999 xx 000 0 und d
020 _a60663294
100 _aO,Connor, Elizabeth
245 _aCall to commitment /
260 _aUSA
_bHarper & Row
_c1963
300 _aix,205 pages
999 _c354790
_d354790